| 000 | 00000nam##2200000za#4500 |
| 001 | 9.698300 |
| 003 | CaOODSP |
| 005 | 20210624235851 |
| 007 | cr ||||||||||| |
| 008 | 150407|2000||||xxc|||||o f|0| 0 eng|d |
| 040 | |aCaOODSP|beng |
| 043 | |an-cn--- |
| 086 | 1 |aRH4-3/2000-1E-PDF |
| 110 | 1 |aCanada. |bHuman Resources Development Canada. |
| 245 | 10|aSeeing the possibilities |h[electronic resource] |
| 260 | |aOttawa - Ontario : |bHuman Resources Development Canada |c[2000]. |
| 300 | |a1p.|bphotographs |
| 500 | |aPoster to accompany the pamphlet, "Seeing the possibilities : the National Child Benefit". |
| 590 | |a13-18-Supp|b2013-08-01 |
| 690 | 07|aChild poverty|2gcpds |
| 690 | 07|aIncome security|2gcpds |
| 690 | 07|aTax credits|2gcpds |
| 775 | 08|tDes horizons plus vastes |w(CaOODSP)9.642312 |
| 856 | 40|ahttp://publications.gc.ca|qPDF|s601 KB|uhttps://publications.gc.ca/collections/Collection/RH4-3-2000E.pdf |
| 986 | |aSC-139-07-00E |